1. Dodatky k Československým trestním zákonům platným v zemích České a Moravskoslezské /

Další autoři: Poláček, František, 1895-1956, Dušek, Josef, Lelek, Lumír
Jazyk: Čeština
Vydáno: V Praze : V. Linhart, 1948
Vydání: Vydání první
Edice: Právnická knihovna
Externí odkaz: Digitalizovaný dokument
Fyzický popis: 38-[I] s. : [LIII] s. příl. ; 16 cm
Knihy
Uloženo v:
LEADER 01367nam a22003132a 4500
001 001785025
003 CZ BrMZK
005 20210428070916.0
007 ta
008 210217s1948 xr er|||||||||||cze d
015 |a cnb000712796 
035 |a (OCoLC)85431068 
040 |a ABA001  |b cze  |c ABA001  |d ABA001  |d BOA001 
245 0 0 |a 1. Dodatky k Československým trestním zákonům platným v zemích České a Moravskoslezské /  |c uspořádali: František Poláček ... JUDr. Josef Dušek ... JUDr. Lumír Lelek ... [a jiní] 
250 |a Vydání první 
260 |a V Praze :  |b V. Linhart,  |c 1948  |e (Liberec :  |f Cíl) 
300 |a 38-[I] s. :  |b [LIII] s. příl. ;  |c 16 cm 
490 1 |a Právnická knihovna ;  |v sv. 62a 
500 |a Příloha: I. vložky k Československým trestním zákonům 
500 |a Dostupné též v digitální podobě v aplikaci Kramerius 
700 1 |a Poláček, František,  |d 1895-1956  |7 jk01100122  |4 com 
700 1 |a Dušek, Josef  |7 jk01023412  |4 com 
700 1 |a Lelek, Lumír  |4 com 
830 0 |a Právnická knihovna 
856 4 1 |u http://www.digitalniknihovna.cz/mzk/uuid/uuid:e94e1740-91fb-11eb-9316-005056827e51  |y Digitalizovaný dokument  |x NDK 
910 |a BOA001  |b 1-0124.663,62a 
990 |a BK 
991 |b 202102 
996 7 |b 2619706266  |c 1-0124.663,62a  |d 2. dodatky  |v 2  |l MZK  |r Sklad / do 1 hodiny  |n 3  |w 001844995  |u 000020  |a 1  |e BOA001  |j MZK50  |s A